Score 0/10 Timer 03:00
2 Plays Today
Hint 4-Letter Word % Correct
DieLIVE
99.6%
HateLOVE
99.4%
TakeGIVE
99.4%
LessMORE
97.6%
GiveTAKE
97.2%
StallionMARE
93.9%
DestroyMAKE
93.1%
InterestBORE
81.7%
Soft tissueBONE
76.6%
GregariousLONE
75.1%

Today's Daily Dose

Missing Word
'D' in Video Games

Word Ladder
Lent Begins

Get the Picture
Antz or A Bug's Life?

You're not logged in!

Compare scores with friends on all Sporcle quizzes.
OR
Log In

Sporcle TV

Today on Sporcle TV


Watch our educational content, quiz creation guides, and fun videos on Sporcle TV.

Show Comments

Extras

Top Quizzes Today


Score Distribution

Paid Content

Your Account Isn't Verified!

In order to create a playlist on Sporcle, you need to verify the email address you used during registration. Go to your Sporcle Settings to finish the process.

Report this User

Report this user for behavior that violates our Community Guidelines.

Details: